Car Brand Logos Quiz Stats

 Plays Quiz not verified by Sporcle

Score 0/50 Timer 07:00
0 Plays Today
Hint Answer % Correct
a square with an 'H' in itHonda
88.9%
a ramDodge
88.1%
a horse on 2 legs in a yellow shieldFerrari
73.3%
a word in a blue ovalFord
72.6%
a jaguarJaguar
69.4%
a gold bowtieChevrolet
65.5%
four inter-linked circlesAudi
62.9%
an oval with an italicized 'H' in itHyundai
61.5%
a 'B' with wingsBentley
60.2%
a rectange with 2 'R's in itRolls Royce
59.9%
a black circle with a blue and white checkerboard inside itBMW
59.3%
a bull inside a shieldLamborghini
57.7%
a circle with 3 shields insideBuick
57.4%
silver 'L' in a ovalLexus
55.1%
a big oval with two tiny ovals inside making a letterToyota
53.9%
a blue oval with stars insideSubaru
52.7%
a shield with a horse in the middle and black and red stripesPorsche
52.5%
used to be a star with a pentagon in the backroundChrysler
48.9%
silver circle with an arrow and blue rectangleVolvo
47.9%
a circle with a thunderbolt in itOpel
47%
3 diamonds in a triangle shapeMitsubishi
44.7%
2 wings with wording in the middle on a green rectangleAston Martin
44.4%
2 words in a green ovalLand Rover
44%
a circle with a dash in itNissan
43.2%
a mythical bird wearing a crown with its tounge sticking out in a blue circleSaab
42.9%
Hint Answer % Correct
blue circle with 2 lettersVolkswagen
42.9%
a curved square with a 'V' in itMazda
42.4%
a 3 pointed star in a circleMercedes - Benz
42%
a stylized 'A' in a curved square boxAcura
39.8%
blue and white vertical oval with a red tridentMaserati
39.6%
a wreath surrounding a crestCadillac
39.5%
a circle with gold words, a red cross, and a green serpentAlfa Romeo
36%
a diamondRenault
35.4%
2 chevronsCitroen
35%
a lion on two legsPeugeot
34.8%
3 letters on a red ovalKia
33.8%
an arrow pointing downPontiac
33.7%
an 'S' with 2 strikes through itSeat
33.6%
red oval with 60 dots along the outside and '3B' and a word insideBugatti
31.8%
4 letter word the 2 middle letters are the sameJeep
31.6%
a rectangle with a cross insideLincoln
30.7%
an oval with an upsidedown 'V' in itInfiniti
30.4%
bird holding a flagVauxhall
29.3%
2 short wings with a word in itMini
27.8%
3 red lettersGMC
25.5%
a curved triangle with 2 'M's in itMaybach
22.7%
a yellow circle with a green curve-tipped pointed triangle insideLotus
19.5%
a circle with a green winged arrow insideSkoda
17.5%
an oval with a dash and an 'S' cutting through the middleScion
14.6%
shield with a red and yellow checkered pattern insideKoenigsegg
11.5%

You're not logged in!

Compare scores with friends on all Sporcle quizzes.
OR
Log In

You Might Also Like...

Show Comments

Extras

Top Quizzes Today


Score Distribution

Your Account Isn't Verified!

In order to create a playlist on Sporcle, you need to verify the email address you used during registration. Go to your Sporcle Settings to finish the process.

Report this User

Report this user for behavior that violates our Community Guidelines.

Details: